LEADER 00937cam0-2200337---450- 001 990005512050403321 005 20151026125734.0 035 $a000551205 035 $aFED01000551205 035 $a(Aleph)000551205FED01 035 $a000551205 100 $a19990604d1952----km-y0itay50------ba 101 0 $aita 102 $aIT 105 $a--------001yy 200 1 $aNarratori antinarratori$fEurialo De Michelis 210 $aFirenze$cLa Nuova Italia$d1952 215 $a320 p.$d20 cm 225 1 $aCollana critica$v56 610 0 $aNarrativa italiana$aSec. 20 676 $a853.9109$v22$zita 700 1$aDe Michelis,$bEurialo$f<1904-1990>$0156848 801 0$aIT$bUNINA$gRICA$2UNIMARC 901 $aBK 912 $a990005512050403321 952 $aBIB. BAT.3858$b4595$fBAT 952 $a853.9109 DEM 1$bBibl.25644$fFLFBC 959 $aFLFBC 959 $aBAT 996 $aNarratori antinarratori$999086 997 $aUNINA LEADER 00851nem 2200325 n 450 001 9910791519803321 005 20200520144314.0 035 $a(CKB)2560000000056953 035 $a(MiAaPQ)EBC3329488 035 $a(Au-PeEL)EBL3329488 035 $a(CaPaEBR)ebr10002328 035 $a(OCoLC)842634103 035 $a(EXLCZ)992560000000056953 100 $a20101210d1999 uy 101 0 $aeng 135 $aurcn||||||||| 200 00$aMexico$b[electronic resource] 210 $a[S.l.] $cMaps.com$dc1999 215 $a1 online resource (1 map) 517 3 $aHypsometric map, North America, Mexico 607 $aMexico$vMaps 607 $aMexico 712 02$aMaps.com (Firm) 801 0$bMiAaPQ 801 1$bMiAaPQ 801 2$bMiAaPQ 906 $aBOOK 912 $a9910791519803321 996 $aMexico$9163857 997 $aUNINA